[Event "AUTO-OPEN-3675"]
[Site "http://www.queenalice.com/game.php?id=1430406"]
[Date "2016.7.4"]
[Round "1"]
[White "BobbySponja"]
[Black "JailtonMaster"]
[Result "1/2-1/2"]
[WhiteElo "1816"]
[BlackElo "2059"]

1. d4 d5 2. Nc3 Nf6 3. e3 e6 4. Bd3 Bb4 5. Bd2 O-O 6. Nf3 c5 7. dxc5 Bxc5 8. O-O
Nc6 9. a3 e5 10. e4 dxe4 11. Nxe4 Bb6 12. Bc3 Re8 13. Nxf6+ Qxf6 14. Qc1 Nd4 15.
Nxd4 exd4 16. Bb4 Bg4 17. Re1 Rxe1+ 18. Qxe1 Rc8 19. Qe4 g6 20. Qxb7 Rc7 21.
Qb8+ Rc8 22. Qd6 Qxd6 23. Bxd6 Rc6 24. Bb4 Kg7 25. Re1 Rc7 26. h3 Be6 27. f3 Bc4
28. Re7 Bxd3 29. Rxc7 Bxc7 30. cxd3 Bg3 31. b3 Kf6 32. Bc5 a5 33. Bxd4+ Ke6 34.
a4 Kd5 35. Bc3 Bc7 36. Kf2 f5 37. g3 f4 38. g4 Bb6+ 39. Ke2 h5 40. b4 axb4 41.
Bxb4 hxg4 42. hxg4 Bc7 43. a5 Kd4 44. Kd2 Bb8 45. Bc3+ Kc5 46. Kc2 Kb5 47. Kb3
Ba7 48. Be5 Be3 49. d4 Kxa5 50. d5 Kb5 51. d6 Kc6 52. Kc4 Bc1 53. Kd3 Kd7 54.
Kc4 Ke6 55. Kc5 Kd7 56. Kd5 g5 57. Bf6 Ba3 58. Bxg5 Bxd6 59. Bf6 Bb4 60. Ke4 Bd2
61. Be5 Ke6 62. Bxf4 Bc3 63. g5 Kf7 64. Kf5 Bb2 65. Bb8 Bc3 66. Kg4 Bb2 67. f4
Bd4 68. f5 Kg7 69. Kh5 Bc3 70. Ba7 Be5 71. Bc5 Bc3 72. Be7 Kf7 73. f6 1/2-1/2

[Event "AUTO-OPEN-3675"]
[Site "http://www.queenalice.com/game.php?id=1430407"]
[Date "2016.7.4"]
[Round "1"]
[White "JailtonMaster"]
[Black "BobbySponja"]
[Result "1-0"]
[WhiteElo "1987"]
[BlackElo "1800"]

1. e4 e5 2. Nf3 d6 3. Bc4 Be7 4. O-O Nf6 5. Nc3 c6 6. d4 exd4 7. Nxd4 O-O 8. Bg5
Nbd7 9. f4 b5 10. Bd3 b4 11. Nce2 Bb7 12. Nf5 Ng4 13. Nxe7+ Kh8 14. Ng6+ 1-0

[Event "AUTO-ADV-3669"]
[Site "http://www.queenalice.com/game.php?id=1430443"]
[Date "2016.7.5"]
[Round "1"]
[White "Tavinho92"]
[Black "BobbySponja"]
[Result "0-1"]
[WhiteElo "1649"]
[BlackElo "1837"]

1. e4 e5 2. Nc3 Nf6 3. Nf3 Nc6 4. Bb5 Bc5 5. Bxc6 dxc6 6. Nxe5 Qd4 7. Ng4 Nxg4
8. O-O Nxf2 9. d3 Nxd1+ 10. Kh1 Nxc3 0-1

[Event "AUTO-ADV-3669"]
[Site "http://www.queenalice.com/game.php?id=1430444"]
[Date "2016.7.5"]
[Round "1"]
[White "BobbySponja"]
[Black "Tavinho92"]
[Result "1-0"]
[WhiteElo "1801"]
[BlackElo "1683"]

1. d4 d5 2. Nc3 g6 3. e4 dxe4 4. Nxe4 b6 5. Bd3 Nc6 6. c3 Bb7 7. Nf3 Bg7 8. O-O
e5 9. Re1 exd4 10. Nxd4 Nxd4 11. cxd4 Bxd4 12. Nd6+ Kd7 13. Nxf7 Qf6 14. Bb5+ c6
15. Bg5 Qxf2+ 16. Kh1 cxb5 17. Qg4+ Qf5 18. Qxd4+ Bd5 19. Qxh8 1-0

[Event "AUTO-ADV-3669"]
[Site "http://www.queenalice.com/game.php?id=1430459"]
[Date "2016.7.5"]
[Round "1"]
[White "BobbySponja"]
[Black "vindaloo"]
[Result "1-0"]
[WhiteElo "1783"]
[BlackElo "1841"]

1. d4 d5 2. Nc3 e6 3. e4 dxe4 4. Nxe4 c5 5. dxc5 Qxd1+ 6. Kxd1 Nc6 7. Be3 f5 8.
Nd6+ Bxd6 9. cxd6 Nf6 10. c4 O-O 11. c5 Nd7 12. f4 b6 13. Bb5 Nd8 14. c6 Nc5 15.
d7 Nxd7 16. cxd7 Bb7 17. Nf3 a6 18. Bc4 Bxf3+ 19. gxf3 b5 20. Bb3 Rf7 21. Ke2
Rxd7 22. Rhd1 Re7 23. Rg1 g6 24. h4 Kf7 25. Bd4 Nc6 26. Bc5 Ree8 27. Kf2 Rad8
28. Rad1 Kf6 29. Rxd8 Rxd8 30. Kg3 e5 31. fxe5+ Kxe5 32. Re1+ Kf6 33. Re6+ 1-0

[Event "AUTO-ADV-3669"]
[Site "http://www.queenalice.com/game.php?id=1430460"]
[Date "2016.7.5"]
[Round "1"]
[White "vindaloo"]
[Black "BobbySponja"]
[Result "1-0"]
[WhiteElo "1888"]
[BlackElo "1750"]

1. e4 e5 2. Nf3 d6 3. Bc4 Be7 4. c3 Nf6 5. d3 Nc6 6. O-O Bg4 7. Nbd2 a6 8. b4 b5
9. Bb3 O-O 10. h3 Be6 11. Bxe6 fxe6 12. Re1 Qc8 13. Nb3 Nd8 14. Be3 c5 15. bxc5
dxc5 16. Nxe5 Qc7 17. Nf3 Nb7 18. Qc2 a5 19. a4 b4 20. c4 e5 21. Ng5 Bd6 22. Ne6
Qe7 23. Nxf8 Rxf8 24. Bg5 Qf7 25. Re3 Qg6 26. Rg3 Qf7 27. Bh6 Nh5 28. Rg4 Re8
29. Rf1 g6 30. Rg5 Nd8 31. Nxa5 Ne6 32. Rg4 Nhf4 33. h4 Nd4 34. Qd1 Nfe2+ 35.
Kh1 Qd7 36. f3 Nf4 37. g3 Nh5 38. Kg2 Re7 39. Bg5 Rf7 40. Kh3 Qc7 41. Nb3 Nf6
42. Bxf6 Rxf6 43. h5 Qd7 44. Nxd4 exd4 45. hxg6 Rxg6 46. Kh4 Rxg4+ 47. fxg4 Qe6
48. g5 Qe5 49. Qg4 Qg7 50. Qe6+ 1-0

[Event "AUTO-ADV-3669"]
[Site "http://www.queenalice.com/game.php?id=1430461"]
[Date "2016.7.5"]
[Round "1"]
[White "BobbySponja"]
[Black "Dalri_Ultreya"]
[Result "1-0"]
[WhiteElo "1807"]
[BlackElo "1690"]

1. d4 d5 2. Nc3 Nf6 3. Nf3 Bf5 4. e3 Ne4 5. Bd2 e6 6. Bd3 Bd6 7. Bxe4 dxe4 8.
Ng1 O-O 9. Qe2 a6 10. O-O-O b5 11. f3 exf3 12. gxf3 h6 13. h4 Nc6 14. Nh3 Qxh4
15. Nf4 Qe7 16. d5 exd5 17. Nfxd5 Qd8 18. Qg2 Nb4 19. Nxb4 Bxb4 20. e4 Bg6 21.
Nd5 Bd6 22. Bc3 Qg5+ 23. Qxg5 hxg5 24. Rh3 c6 25. Rdh1 f6 26. Nb6 Rad8 27. a4
Bf4+ 28. Kb1 1-0

[Event "AUTO-ADV-3669"]
[Site "http://www.queenalice.com/game.php?id=1430462"]
[Date "2016.7.5"]
[Round "1"]
[White "Dalri_Ultreya"]
[Black "BobbySponja"]
[Result "0-1"]
[WhiteElo "1702"]
[BlackElo "1795"]

1. d4 d5 2. Bf4 Nc6 3. e3 Nf6 4. Bd3 e6 5. Nf3 Be7 6. O-O O-O 7. a3 a6 8. b4 b5
9. c3 Bb7 10. h3 Bd6 11. Ne5 Ne7 12. Nd2 Nf5 13. Ndf3 Ne4 14. Qc2 f6 15. Ng4
Bxf4 16. exf4 Rb8 17. Nd2 Qd6 18. g3 h5 19. Ne3 Qc6 20. Kh2 Qxc3 21. Qxc3 Nxc3
22. Nxf5 exf5 23. Bxf5 Ne2 24. Nf3 Nc3 25. Bg6 Ne4 26. Bxh5 f5 27. Ne5 Nd2 0-1

[Event "BobbySponja-2"]
[Site "http://www.queenalice.com/game.php?id=1430760"]
[Date "2016.7.7"]
[Round "1"]
[White "BobbySponja"]
[Black "APSHOOTER"]
[Result "1-0"]
[WhiteElo "1767"]
[BlackElo "1757"]

1. d4 g6 2. e4 Bg7 3. Nf3 a6 4. Bd3 Nc6 5. d5 Ne5 6. Nxe5 Bxe5 7. Nc3 d6 8. Qe2
Bxc3+ 9. bxc3 Nf6 10. Bb2 Bg4 11. f3 Bd7 12. O-O e5 13. f4 Bg4 14. Qf2 Nd7 15.
fxe5 Nxe5 16. c4 O-O 17. Qg3 Nxd3 18. cxd3 Be2 19. Bf6 Qe8 20. Qh4 h5 21. Qg5
Kh7 22. Rf4 Bxd3 23. Rh4 Be2 24. Re1 Bg4 25. Rxg4 Qd7 26. Rg3 Rae8 27. Rh3 Qg4
28. Qxg4 1-0

[Event "BobbySponja-2"]
[Site "http://www.queenalice.com/game.php?id=1440190"]
[Date "2016.9.7"]
[Round "2"]
[White "Strogonoff"]
[Black "BobbySponja"]
[Result "1-0"]
[WhiteElo "2020"]
[BlackElo "1824"]

1. e4 e5 2. Nf3 d6 3. d4 Qe7 4. Nc3 exd4 5. Qxd4 c6 6. Bd3 Nf6 7. Bg5 h6 8. Bxf6
gxf6 9. O-O-O Bg7 10. Nh4 Be6 11. f4 Rg8 12. f5 Bd7 13. Nf3 b5 14. g3 a5 15. Qb6
Qd8 16. Qe3 Na6 17. Rd2 b4 18. Ne2 c5 19. Nf4 Qc7 20. Nd5 Qc6 21. g4 Kd8 22.
Rhd1 Bh8 23. Qxh6 c4 24. Bf1 1-0

[Event "BobbySponja-2"]
[Site "http://www.queenalice.com/game.php?id=1453130"]
[Date "2016.12.3"]
[Round "3"]
[White "BobbySponja"]
[Black "peonaislado"]
[Result "0-1"]
[WhiteElo "1823"]
[BlackElo "1960"]

1. e4 c5 2. Nf3 d6 3. Bc4 Nf6 4. d3 Nc6 5. a4 e6 6. Nc3 d5 7. exd5 exd5 8. Ba2
Be7 9. Bf4 O-O 10. O-O b6 11. Re1 Bg4 12. h3 Bxf3 13. Qxf3 Nb4 14. Rec1 Bd6 15.
Bxd6 Qxd6 16. Ne2 Nxa2 17. Rxa2 Rfe8 18. Ng3 a6 19. Raa1 d4 20. Nf5 Qf8 21. Nh6+
gxh6 22. Qxf6 Re6 23. Qf3 a5 24. Re1 Rae8 25. Rxe6 Rxe6 26. Kf1 f5 27. Qd5 Qf7
0-1

[Event "AUTO-OPEN-3662"]
[Site "http://www.queenalice.com/game.php?id=1453743"]
[Date "2016.12.7"]
[Round "2"]
[White "Walbrodt"]
[Black "BobbySponja"]
[Result "1-0"]
[WhiteElo "2660"]
[BlackElo "1812"]

1. e4 e5 2. Nf3 d6 3. d4 exd4 4. Nxd4 Nf6 5. Nc3 Be7 6. Bf4 c5 7. Ndb5 O-O 8.
Bxd6 Bxd6 9. Qxd6 a6 10. O-O-O Nc6 11. Qxd8 Rxd8 12. Rxd8+ Nxd8 13. Nd6 Be6 14.
e5 Nd5 15. Na4 Nb4 16. a3 Nd5 17. Nxc5 b6 18. Nxa6 Nc6 19. c4 Nf4 20. Nc7 1-0

[Event "AUTO-OPEN-3662"]
[Site "http://www.queenalice.com/game.php?id=1453744"]
[Date "2016.12.7"]
[Round "2"]
[White "BobbySponja"]
[Black "Walbrodt"]
[Result "0-1"]
[WhiteElo "1855"]
[BlackElo "2657"]

1. d4 Nf6 2. f3 d5 3. Nc3 c5 4. e3 Nc6 5. dxc5 e5 6. Bb5 Bxc5 7. Bxc6+ bxc6 8.
Qe2 O-O 9. Bd2 d4 10. exd4 exd4 11. Ne4 Nxe4 12. fxe4 Qb6 13. b3 Ba6 14. Qf3 d3
15. cxd3 Rad8 0-1

[Event "AUTO-OPEN-3662"]
[Site "http://www.queenalice.com/game.php?id=1453747"]
[Date "2016.12.7"]
[Round "2"]
[White "CCapivara"]
[Black "BobbySponja"]
[Result "1-0"]
[WhiteElo "2150"]
[BlackElo "1824"]

1. e4 e5 2. f4 d5 3. Nf3 dxe4 4. Nxe5 Nf6 5. Bc4 Bc5 6. Bxf7+ Kf8 7. Bb3 Qd4 8.
Qe2 Bg4 9. Nxg4 Nxg4 10. Qxg4 Qf2+ 11. Kd1 Nc6 12. Nc3 Ne7 13. Nxe4 Qd4 14. Qe6
Ke8 15. c3 Qf6 16. Nxf6+ 1-0

[Event "AUTO-OPEN-3662"]
[Site "http://www.queenalice.com/game.php?id=1453748"]
[Date "2016.12.7"]
[Round "2"]
[White "BobbySponja"]
[Black "CCapivara"]
[Result "0-1"]
[WhiteElo "1851"]
[BlackElo "2170"]

1. e4 d6 2. d4 Nf6 3. f3 c6 4. Nc3 Nbd7 5. Qe2 e5 6. Bg5 Be7 7. O-O-O O-O 8. g4
a5 9. h4 b5 10. Nh3 a4 11. d5 cxd5 12. Bxf6 Nxf6 13. Nxd5 Nxd5 14. Rxd5 b4 15.
Qd1 Be6 16. Rd2 Bxa2 17. Ng5 Rc8 18. Bd3 a3 0-1

[Event "AUTO-ADV-3664"]
[Site "http://www.queenalice.com/game.php?id=1454194"]
[Date "2016.12.10"]
[Round "2"]
[White "BobbySponja"]
[Black "dbwright308"]
[Result "0-1"]
[WhiteElo "1760"]
[BlackElo "1814"]

1. e4 d5 2. exd5 Qxd5 3. Nc3 Qe6+ 4. Qe2 Qxe2+ 5. Bxe2 c6 6. d3 Be6 7. Nf3 Nd7
8. Be3 Ngf6 9. O-O-O Nb6 10. Kb1 g6 11. h3 O-O-O 12. Nd4 Bg7 13. Nxe6 fxe6 14.
Bxb6 axb6 15. f4 Nh5 16. Bxh5 gxh5 17. Ne4 Rhg8 18. g4 hxg4 19. hxg4 h6 20. a3
Rdf8 21. Rdf1 Bd4 22. Rxh6 Rxg4 23. Rxe6 Rfxf4 24. Rxf4 Rxf4 25. Rxe7 Rf1+ 26.
Ka2 Rc1 27. c3 Bc5 28. Nxc5 bxc5 29. Kb3 Rd1 30. Re3 b5 31. Rh3 Kd7 32. c4 Kd6
33. Rh6+ Kc7 34. Rh7+ Kb6 0-1

[Event "AUTO-ADV-3664"]
[Site "http://www.queenalice.com/game.php?id=1454195"]
[Date "2016.12.10"]
[Round "2"]
[White "dbwright308"]
[Black "BobbySponja"]
[Result "1-0"]
[WhiteElo "1799"]
[BlackElo "1775"]

1. e4 e5 2. d4 exd4 3. Qxd4 d6 4. Bc4 Qe7 5. Nc3 Qf6 6. Qxf6 Nxf6 7. Bg5 Be7 8.
Nf3 Bg4 9. h3 Bxf3 10. gxf3 Nbd7 11. Nd5 Nxd5 12. Bxe7 Nxe7 13. O-O-O Ne5 14.
Be2 O-O-O 15. f4 N5g6 16. Rd2 Nxf4 17. Bg4+ Kb8 18. Rd4 f5 19. exf5 Nfd5 20. Re1
Rhf8 21. f6 Rxf6 22. f4 c5 23. Rde4 Nc6 24. f5 Ne5 25. a3 b6 26. Kb1 a6 27. c4
Ne7 28. Rf1 N7c6 29. Bd1 Nd4 30. Bg4 Rdf8 31. Ka2 Nxf5 32. Bxf5 Rxf5 33. Rg1 g6
34. b4 Rf4 35. Rxf4 1-0

[Event "AUTO-ADV-3664"]
[Site "http://www.queenalice.com/game.php?id=1454196"]
[Date "2016.12.10"]
[Round "2"]
[White "BobbySponja"]
[Black "prrrudenz"]
[Result "0-1"]
[WhiteElo "1827"]
[BlackElo "2173"]

1. e4 e6 2. e5 d5 3. d4 c5 4. Be3 Qb6 5. b3 Nc6 6. dxc5 Bxc5 7. Bxc5 Qxc5 8. Nf3
Nge7 9. Bd3 Ng6 10. Qe2 Bd7 11. Nbd2 Qc3 12. Rb1 Ncxe5 13. Nxe5 Nxe5 14. O-O Rc8
15. Nf3 Nxd3 16. cxd3 O-O 17. Rfc1 Qf6 18. d4 Qf4 19. Rxc8 Rxc8 20. Qe5 Qxe5 21.
Nxe5 Bc6 22. h3 f6 23. Nd3 b6 24. Nf4 Kf7 25. b4 Bb5 0-1

[Event "AUTO-ADV-3664"]
[Site "http://www.queenalice.com/game.php?id=1454197"]
[Date "2016.12.10"]
[Round "2"]
[White "prrrudenz"]
[Black "BobbySponja"]
[Result "1-0"]
[WhiteElo "2175"]
[BlackElo "1825"]

1. e4 e5 2. Nf3 d6 3. Bc4 Be7 4. h3 Nf6 5. d3 Be6 6. Bxe6 fxe6 7. Nc3 Nc6 8. Bd2
Qd7 9. Qe2 O-O-O 10. O-O-O Kb8 11. Rhf1 d5 12. exd5 Nxd5 13. Nxe5 Nxe5 14. Qxe5
Bf6 15. Qe1 Nxc3 16. Bxc3 Qc6 17. Bxf6 gxf6 18. g3 e5 19. Qe4 Qb6 20. f4 Rd4 21.
Qe1 Rhd8 22. fxe5 fxe5 23. Qxe5 Rb4 24. Rf6 Qb5 25. Qxb5 Rxb5 26. Rf7 1-0

[Event "AUTO-ADV-3669"]
[Site "http://www.queenalice.com/game.php?id=1455072"]
[Date "2016.12.16"]
[Round "2"]
[White "Paulsains"]
[Black "BobbySponja"]
[Result "1-0"]
[WhiteElo "1914"]
[BlackElo "1853"]

1. e4 e5 2. Nf3 Nc6 3. Be2 d6 4. O-O Nf6 5. d3 Be7 6. Nc3 Be6 7. h3 Nd4 8. Nxd4
exd4 9. Nb1 c5 10. Bg5 h6 11. Bh4 g5 12. Bg3 Qd7 13. Nd2 O-O-O 14. a3 h5 15. f4
gxf4 16. Bxf4 Rdg8 17. e5 dxe5 18. Bxe5 Bxh3 19. Bf3 Rh6 20. Kh2 Bg4 21. Qe1 Bd6
22. Nc4 Bxe5+ 23. Nxe5 Qc7 24. g3 h4 25. gxh4 1-0

[Event "AUTO-ADV-3669"]
[Site "http://www.queenalice.com/game.php?id=1455073"]
[Date "2016.12.16"]
[Round "2"]
[White "BobbySponja"]
[Black "Paulsains"]
[Result "0-1"]
[WhiteElo "1839"]
[BlackElo "1928"]

1. e4 e5 2. Bc4 Nf6 3. c3 Bc5 4. d3 O-O 5. Nf3 d5 6. exd5 Nxd5 7. O-O Nc6 8. a4
Be6 9. b4 Bd6 10. b5 Nce7 11. Nbd2 Nxc3 12. Qc2 Ne2+ 13. Kh1 Bxc4 14. Nxc4 Nd4
15. Nxd4 exd4 16. Nxd6 Qxd6 17. Re1 Nf5 18. Ba3 Qg6 19. Bxf8 Nh4 20. f3 Rxf8 21.
Re4 Nf5 22. Qxc7 Ne3 23. Qg3 Qf6 24. Rf4 Nf5 25. Qg4 g6 0-1

[Event "AUTO-ADV-3669"]
[Site "http://www.queenalice.com/game.php?id=1455080"]
[Date "2016.12.16"]
[Round "2"]
[White "BobbySponja"]
[Black "altair"]
[Result "0-1"]
[WhiteElo "1792"]
[BlackElo "1779"]

1. e4 e5 2. Nf3 d6 3. Bc4 h6 4. c3 Nf6 5. d3 a5 6. Be3 Be7 7. a4 O-O 8. Na3 c6
9. Nc2 Bd7 10. O-O Qc7 11. Bd2 d5 12. exd5 cxd5 13. Bb3 Na6 14. Ne3 Bc6 15. d4
e4 16. Ne5 Bd6 17. N3g4 Nxg4 18. Qxg4 Bxe5 19. dxe5 f5 20. Qg3 Nc5 21. Bc2 Qd7
22. Bxh6 Ne6 23. Be3 f4 24. Qh3 fxe3 25. fxe3 Rxf1+ 26. Rxf1 Ng5 27. Qh5 Nh7 28.
Bb3 Bxa4 0-1

[Event "AUTO-ADV-3669"]
[Site "http://www.queenalice.com/game.php?id=1455081"]
[Date "2016.12.16"]
[Round "2"]
[White "altair"]
[Black "BobbySponja"]
[Result "1-0"]
[WhiteElo "1761"]
[BlackElo "1810"]

1. e4 e5 2. Nf3 Nc6 3. a3 d6 4. h3 Nf6 5. d3 Be7 6. Nc3 Be6 7. Be2 d5 8. O-O d4
9. Na2 Nb8 10. Nxe5 c5 11. c3 Bxa2 12. Rxa2 Nc6 13. Nxc6 bxc6 14. cxd4 cxd4 15.
Bf3 O-O 16. e5 Nd5 17. b4 Nc3 18. Qc2 Nxa2 19. Qxa2 Rc8 20. Bb2 c5 21. Bg4 Rb8
22. e6 fxe6 23. Qxe6+ Kh8 24. Re1 Bf6 25. Re2 Re8 26. Qf5 Rxe2 27. Bxe2 cxb4 28.
Qc5 bxa3 29. Bxa3 1-0